<?xml version="1.0" encoding="UTF-8"?>
<record
    xmlns:xsi="http://www.w3.org/2001/XMLSchema-instance"
    xsi:schemaLocation="http://www.loc.gov/MARC21/slim http://www.loc.gov/standards/marcxml/schema/MARC21slim.xsd"
    xmlns="http://www.loc.gov/MARC21/slim">

  <leader>00462nam a22001457a 4500</leader>
  <controlfield tag="005">20260203111546.0</controlfield>
  <controlfield tag="008">260203b        |||||||| |||| 00| 0 eng d</controlfield>
  <datafield tag="050" ind1=" " ind2=" ">
    <subfield code="a">QM 23.2  .C65  2011</subfield>
  </datafield>
  <datafield tag="100" ind1=" " ind2=" ">
    <subfield code="a">Bruce,J. Colbert , Jeff Ankney and Karen T.Lee</subfield>
  </datafield>
  <datafield tag="245" ind1=" " ind2=" ">
    <subfield code="a">ANATOMY AND PHYSIOLOGY FOR HEALTH PROFESSIONS </subfield>
    <subfield code="b">; An Interactive Journey</subfield>
  </datafield>
  <datafield tag="250" ind1=" " ind2=" ">
    <subfield code="a">2nd Edition</subfield>
  </datafield>
  <datafield tag="260" ind1=" " ind2=" ">
    <subfield code="a">New Jersey</subfield>
    <subfield code="b">Pearson Education ,Inc.</subfield>
    <subfield code="c">2011</subfield>
  </datafield>
  <datafield tag="300" ind1=" " ind2=" ">
    <subfield code="a">513pages</subfield>
  </datafield>
  <datafield tag="942" ind1=" " ind2=" ">
    <subfield code="2">lcc</subfield>
    <subfield code="c">BK</subfield>
  </datafield>
  <datafield tag="999" ind1=" " ind2=" ">
    <subfield code="c">216514</subfield>
    <subfield code="d">216514</subfield>
  </datafield>
  <datafield tag="952" ind1=" " ind2=" ">
    <subfield code="0">0</subfield>
    <subfield code="1">0</subfield>
    <subfield code="2">lcc</subfield>
    <subfield code="4">0</subfield>
    <subfield code="7">0</subfield>
    <subfield code="8">MED</subfield>
    <subfield code="9">374849</subfield>
    <subfield code="a">KSUL</subfield>
    <subfield code="b">KSUL</subfield>
    <subfield code="c">DISPLAY</subfield>
    <subfield code="d">2026-02-03</subfield>
    <subfield code="i">42948</subfield>
    <subfield code="l">1</subfield>
    <subfield code="p">033230</subfield>
    <subfield code="r">2026-02-17 11:09:13</subfield>
    <subfield code="s">2026-02-03</subfield>
    <subfield code="w">2026-02-03</subfield>
    <subfield code="y">BK</subfield>
  </datafield>
</record>
